| 000 | 00467nam a2200181Ia 4500 | ||
|---|---|---|---|
| 003 | GCL | ||
| 008 | 140319s9999 xx 000 0 ara d | ||
| 040 |
_aGCL / _cGCL |
||
| 082 | 0 | 4 |
_a953.2 _bو ز |
| 100 | 1 | _aوجيه ابوذكرى | |
| 245 | 1 | 0 |
_aالزهور تدفن فى اليمن / _cوجيه ابوذكرى |
| 300 | _a200 ص | ||
| 490 | _a | ||
| 650 | 0 | 4 | _aاليمن |
| 650 | 0 | 4 | _aالجيش المصرى |
| 650 | 0 | 4 | _aالخطابات |
| 942 |
_2ddc _cBK |
||
| 999 |
_c45468 _d45468 |
||